000 00545nam a2200193 i 4500
001 64186
003 ES-MaACL
005 20240409150334.0
007 t|
008 031222s1933 fr ||||1| fre d
100 1 _aFleuret, Fernand.
_951195
245 1 0 _aDe Gilles de Rais a Guillaume Apollinaire /
_cFernand Fleuret.
250 _a3eme ed.
260 _aParis :
_bMercure de France,
_c1933.
300 _a293 p. ;
_c19 cm.
600 1 4 _aApollinaire, Guillaume,
_d1880-1918
_922095
852 _aES-MaACL
_jA-2075
999 _c64186
_d64186